Statystyki dla Stolice państw Europa

Kliknij tutaj aby rozwiązać quiz!

Ogólne statystyki

  • Ten quiz został rozwiązany 8 135 razy
    (7 873 od ostatniego zresetowania)
  • Średni wynik to 11 z 15

Statystyki odpowiedzi

HintOdpowiedź% Poprawnych
PolskaWarszawa
100%
HiszpaniaMadryt
93%
GrecjaAteny
92%
PortugaliaLizbona
89%
NorwegiaOslo
89%
HolandiaAmsterdam
88%
BelgiaBruksela
85%
FinlandiaHelsinki
80%
LitwaWilno
80%
ChorwacjaZagrzeb
79%
SerbiaBelgrad
57%
LiechtensteinVaduz
51%
MaltaValletta
51%
AlbaniaTirana
50%
IslandiaRejkjawik
34%

Rozkład punktacji

Percentyl według liczby udzielonych odpowiedzi

Procent ludzi z każdym wynikiem

Twoja historia wyników

Nie rozwiązałeś tego quizu od ostatniego zresetowania